| Registos Bibliográficos associados ao registo de autoridade |
|
Etiqueta de registo: 01414cam 2200361 450 001 432056 003 http://id.bnportugal.gov.pt/bib/catbnp/432056 005 19981231000000.0 095 ## $aPTBN00461178 100 ## $a19930603d1854 k y0pory0103 ba 101 0# $afre 102 ## $aFR 105 ## $ay z 000yy 106 ## $ar 200 1# $aHistoire du schisme portugais dans les Indes$fpar M. Le Vicomte M.-Th. de Bussierre 210 #9 $aParis$cJacques Lecoffre,$d1854 215 ## $a363 p.$d19 cm 317 ## $aPert.: António Alberto Marinho Duarte de Sousa$5PTBN: D.S. XIX - 733 321 1# $aNUC NB 1004875 321 1# $aDuarte de Sousa 2, 211 620 ## $dParis 700 #1 $aBussierre,$bThéodore de,$cVisconde,$f1802-1865$388676 702 #1 $aSousa,$bAntónio Alberto Marinho Duarte de,$f1896-1950$4390$3933589 801 #0 $aPT$bBN$gRPC 856 40 $2GALLICA:http://gallica.bnf.fr$uhttp://gallica.bnf.fr/ark:/12148/bpt6k62103623.r=goa%20portugal?rk=150215;2 856 40 $uhttps://purl.pt/52021 856 41 $uhttps://purl.pt/52021/service/media/cover/low 856 49 $uhttps://purl.pt/52021/service/media/pdf$qapplication/pdf 958 ## $aBND$bLivre$cDigitalizado$d1$ehttps://purl.pt/52021/service/media/cover/max 966 ## $lBN$mFGMON$sH.G. 16786 P. 966 ## $lBN$mFGMON$sH.G. 23794 P. 966 ## $lBN$mRESIMP$pLivraria Duarte de Sousa$sD.S. XIX - 733 995 ## $aPRR2024 $d20240625$idfontes
Etiqueta de registo: 00692cam 2200217 450 001 410461 003 http://id.bnportugal.gov.pt/bib/catbnp/410461 005 19981231000000.0 095 ## $aPTBN00438914 100 ## $a19930318d1854 m y0pory0103 ba 101 1# $apor$cfre 102 ## $aPT 105 ## $ay z 000yy 106 ## $ar 200 1# $aHistória do scisma portuguez na India$fpelo Visconde Theodoro de Bussieres 210 #9 $aLisboa$cTyp. de L.C. da Cunha,$d1854 215 ## $a[3], 348, VI p.$d17 cm 317 ## $aPert. na p. de tít.: «BIBLIOTHECA DO CONVENTO DE VARATOJO» (carimbo)$5PTBN: VAR. 2246 518 1# $aHistória do cisma português na India 700 #1 $aBussierre,$bThéodore de,$cVisconde,$f1802-1865$388676 712 02 $aOrdem dos Frades Menores.$bMissionários Apostólicos.$bConvento de Santo António$c(Varatojo, Torres Vedras)$4390$353952 801 #0 $aPT$bBN$gRPC 856 40 $2Cópia Digital disponível em: Babel.Hathitrust.org$uhttps://babel.hathitrust.org/cgi/pt?id=umn.31951002449378n;view=1up;seq=7 966 ## $lBN$mFGMON$sH.G. 8092 P. 966 ## $lBN$mFGMON$sH.G. 21782 P. 966 ## $lBN$mFGMON$sH.G. 21783 P. 966 ## $lBN$mFGMON$sVAR. 2246 966 ## $lBN$mMICROF$sF.G. 1075
Etiqueta de registo: 00254nam 2200025 450 001 2062700 003 http://id.bnportugal.gov.pt/bib/catbnp/2062700 100 ## $a20210105f1873 m y0pory01030103ba 101 0# $afre 102 ## $aFR 105 ## $ay z 000yy 106 ## $ar 200 1# $aVie et oeuvres de Sainte Catherine de Gênes$fMarie Théodore de Bussière 205 ## $a2ème édition revue et corrigée par le R. P. Millet,... 210 #9 $aParis$cAllard,$d[1873] 215 ## $aIX, [1 br.], 444 p.$d19 cm 304 ## $adata retirada de catálogo BnF 317 ## $aPert. na p. de tít.: «BIBLIOTHECA DO CONVENTO DE VARATOJO» (carimbo)$5PTBN: VAR. 2620 700 #1 $aBussierre,$bThéodore de,$cVisconde,$f1802-1865$388676 702 #1 $aMillet,$bJacques Nicolas Thomas,$f1797-1873,$cS.J.$4340$31215830 712 02 $aOrdem dos Frades Menores.$bMissionários Apostólicos.$bConvento de Santo António$c(Varatojo, Torres Vedras)$4390$353952 801 #0 $aPT$bBN$gRPC 966 ## $lBN$mFGMON$sVAR. 2620
Etiqueta de registo: 00467cam 2200181 450 001 819532 003 http://id.bnportugal.gov.pt/bib/catbnp/819532 005 19990125000000.0 095 ## $aPTBN00470782 100 ## $a19930730d1863 m y0pory0103 ba 101 0# $afre 102 ## $aFR 200 1# $a L' empire mexicain 210 #9 $aParis$cHenri Plon,$d1863 215 ## $a[3], 427 p. 700 #1 $aBussierre,$bThéodore de,$cVisconde,$f1802-1865$388676 801 #0 $aPT$bBN$gRPC 966 ## $lBN$mFGMON$sH.G. 3491 A. 966 ## $lBN$mFGMON$sH.G. 11011 P.
|
|
|